00627nam a22002051 450000500170000000800410001701000140005802000260007203500130009803700150011104000180012608200100014424500810015426000370023527000590027230000270033150000200035865000230037870000200040120090601134032.0721219s1962 nyu 000 0 eng  aENG-93794 a9788131305065c895.00 aEN-77327 bDBAD / PUB adplbEnglish  a638.2 aMulberry sericulture:cby Kamal Jaiswal...[et al] bproblems and prospects / aNew DelhibAPH Publishing c2009 a4435-36/7, Ansari Road, Daryaganj,bNew Delhi e110002 axix, 236 p.c23cm(Hb)  aIncludes index  aSericulturezIndia aJaiswal, Kamal